| 000 | 01061nam a2200217Ia 4500 | ||
|---|---|---|---|
| 003 | Ost | ||
| 005 | 20260507075118.0 | ||
| 008 | 260507s9999||||xx |||||||||||||| ||und|| | ||
| 040 | _cfsecg | ||
| 041 | _aara | ||
| 082 | _a332.6 | ||
| 100 |
_aرمضان، زياد _eمؤلف |
||
| 245 | 0 |
_aمبادئ الإستثمار المالي والحقيقي / _c زياد رمضان |
|
| 250 | _aطبعة 3 | ||
| 260 |
_aعمان: _bدار وائل للنشر والتوزيع, _c2005 |
||
| 300 |
_a434 صفحة؛ _bإيضاحات ؛ _c24 سم |
||
| 520 | _aمعلومات ضرورية لدراسة الإستثمار- مؤسسات الإستثمار وأسواقه- تقييم أدوات الإستثمار المالي والحقيقي وحساب السعر العادل لكل منهما- عوائد الإستثمارات المالية ومخاطرها والمبادلة بين العوائد والمخاطر- مصادر الأموال وتكاليفها | ||
| 653 | _aالإستثمار | ||
| 653 | _aالإستثمار المالي | ||
| 942 | _cكتاب | ||
| 999 |
_c43040 _d43040 |
||